Giã từ bóng tối
v.v...
Đã lưu trong:
| Tác giả chính: | |
|---|---|
| Định dạng: | Sách |
| Năm xuất bản: |
Tp. Hồ Chí Minh
Văn nghệ
1999
|
| Chủ đề: | |
| Tags: |
Thêm thẻ
Không có thẻ, Hãy là người đầu tiên gắn thẻ bản ghi này!
|
| LEADER | 00734nam a2200181 4500 | ||
|---|---|---|---|
| 082 | |a 895.922334 |b M312Q | ||
| 100 | |a Minh Quân | ||
| 245 | |a Giã từ bóng tối |c Minh Quân | ||
| 260 | |a Tp. Hồ Chí Minh |b Văn nghệ |c 1999 | ||
| 300 | |a 144 tr. |c 15 cm. | ||
| 520 | |a v.v... | ||
| 653 | |a Văn học hiện đại | ||
| 653 | |a Việt Nam | ||
| 653 | |a Truyện ngắn | ||
| 942 | |2 ddc |c STK0 | ||
| 999 | |c 1837 |d 1837 | ||
| 952 | |0 0 |1 0 |2 ddc |4 0 |6 895_922334000000000_M312Q |7 1 |8 800 |9 28705 |a qbu |b qbu |c D5 |d 2014-12-10 |g 6500 |o 895.922334 M312Q |p 1144.c1 |r 0000-00-00 |w 2014-12-10 |y STK0 | ||
| 952 | |0 0 |1 0 |2 ddc |4 0 |6 895_922334000000000_M312Q |7 0 |8 800 |9 28706 |a qbu |b qbu |c D5 |d 2014-12-10 |g 6500 |l 1 |o 895.922334 M312Q |p 1144.c2 |r 2015-04-07 |s 2015-04-03 |w 2014-12-10 |y STK0 | ||